000 00376cam a22001097a 4500
008 180718b1988 xxu||||| |||| 00| 0 eng d
082 _aZx54 In2ta
245 _aFramework action plan for foodgrain production : report
_cby Planning Commission, India
260 _aFaridabad
_bThe Manager, Government of India Press
_c1988
300 _a48+p.
700 _aIndia. Planning Commission
999 _c499367
_d499367